Atlas de biologie végétale (Record no. 51134)

MARC details
000 -LEADER
fixed length control field 00817nam a22002417a 4500
003 - CONTROL NUMBER IDENTIFIER
control field 0
005 - DATE AND TIME OF LATEST TRANSACTION
control field 20170927173911.0
008 - FIXED-LENGTH DATA ELEMENTS--GENERAL INFORMATION
fixed length control field 130423t xxu||||| |||| 00| 0 eng d
020 ## - NUMERO INTERNATIONAL NORMALISE DES LIVRES
International Standard Book Number 978-2-10-054506-3
040 ## - SOURCE DU CATALOGAGE
Original cataloging agency BUAC
Language of cataloging Fre.
Transcribing agency BUC
041 ## - CODE DE LANGUE
Language code of text/sound track or separate title Fre.
100 ## - VEDETTE PRINCIPALE - NOM DE PERSONNE
Personal name Boutin, Valérie
9 (RLIN) 23969
245 ## - TITLE STATEMENT
Title Atlas de biologie végétale
Statement of responsibility, etc /Valérie Boutin, Jean-François Fogelgesang, Jean-François Beaux, François Ribla
260 ## - PUBLICATION, DISTRIBUTION, ETC. (IMPRINT)
Place of publication, distribution, etc Paris :
Name of publisher, distributor, etc Ed. Dunod,
Date of publication, distribution, etc 2010
300 ## - PHYSICAL DESCRIPTION
Extent 128p.
Dimensions 28 cm.
Other physical details ill. ; photogr. ;
440 ## - SERIES STATEMENT/ADDED ENTRY--TITLE
Title (Collection J'intèfre)
9 (RLIN) 23970
630 ## - SUBJECT ADDED ENTRY--UNIFORM TITLE
Uniform title SCIENCES EXACTES
9 (RLIN) 23971
650 ## - SUBJECT ADDED ENTRY--TOPICAL TERM
Topical term or geographic name as entry element Biologie Végétale
9 (RLIN) 23972
700 ## - ADDED ENTRY--PERSONAL NAME
Personal name Fogelgesang , Jean-François
Titles and other words associated with a name Collab.
9 (RLIN) 23973
700 ## - ADDED ENTRY--PERSONAL NAME
Personal name Beaux,Jean-François
Titles and other words associated with a name Collab.
9 (RLIN) 23974
700 ## - ADDED ENTRY--PERSONAL NAME
Personal name Ribola, François
Titles and other words associated with a name Collab.
9 (RLIN) 23975
942 ## - ADDED ENTRY ELEMENTS (KOHA)
Koha item type Libre Accès
Holdings
Withdrawn status Lost status Damaged status Not for loan Location (home branch) Sublocation or collection (holding branch) Date acquired Source of acquisition Koha issues (times borrowed) Koha full call number Piece designation (barcode) Koha date last seen Copy number Price effective from Koha item type
        Bibliothèque Universitaire Centrale Bibliothèque Universitaire Centrale 23/04/2013 Achat   576.3 BOU 13-104Buc 23/04/2013 1 23/04/2013 Libre Accès
        Bibliothèque Universitaire Centrale Bibliothèque Universitaire Centrale 23/04/2013 Achat   576.3 BOU 13-105Buc 23/04/2013 2 23/04/2013 Livre


© 2008, Bibliothèques de l'Université d'Abomey-Calavi

04 BP 789 Cotonou, Tél. : +229 21 36 01 01, Fax : +229 21 35 06 32

Courriel : bu@bu.uac.bj